Statistics for Least Guessed General Knowledge

Click here to take the quiz!

General Stats

  • This quiz has been taken 44 times
  • The average score is 9 of 20

Answer Stats

HintAnswer% Correct
Who crossed the Rubicon?Julius Caesar
71%
Whose wife was turned into a pillar of salt?{Lot}'s
64%
In what alphabet would you find the letters Alef and Gimel?Hebrew
62%
What could Cassandra, Jeremiah, and Paul the Octopus see that most people can not?The Future
57%
What Bible character had the longest life span - 969 years?Methuselah
52%
What type of camel has two humps?Bactrian
50%
What is the capital of Saskatchewan?Regina
50%
How do you spell the words “Pig Latin” in Pig Latin?Igpay Atinlay
48%
What singer is known as "The Godfather of Soul"?James Brown
48%
The city of Calexico lies on the U.S. side of the California / Mexico border. What, appropriately, is the name of its sister city on the Mexican side of the border?Mexicali
45%
What is a bandolier designed to hold?Ammunition
43%
What are the two "observer states" of the UN that are not full members?Vatican City
40%
What art movement did Jackson Pollock belong to?{Abstract} Expressionism
38%
Who is Steffi Graf's husband?Andre Agassi
38%
What martial art could be described as Brazilian dance-fighting?Capoeira
38%
What is the only Olympic sport where the gender of the participant is not considered, and men and women can directly compete against each other?Equestrian
38%
In what country would you be most likely to find a polder?Netherlands
38%
Among all the cities in the world with a metro population over 1 million people, which one is last alphabetically?Zürich
38%
Zoology is the study of animals. What is oology?Study of {eggs}
33%
What is a chorophobe afraid of?Dancing
24%

Score Distribution

Percentile by Number Answered

Percent of People with Each Score

Your Score History

You have not taken this quiz